000 00626nam a22001937a 4500
005 20130724104311.0
010 _aENG-108130
020 _a9788183334211
_c330.00
035 _aEN-91663
037 _bDBAD/PUB
100 _aJain, Satish
245 _a'O' level made simple :
_cby Satish Jain, Shashi Singh [and] M. Geetha Iyer
_bprogramming and problem solving through 'C' language /
260 _aNew Delhi
_bBPB publications
_c2012
270 _bNew Delhi
_e110001
_aB-14, Connaught Place
300 _axiv,386p. :
_c24cm(pbk)
_bill
_e1 CD-Rom
700 _aShashi Singh
700 _aIyer, M. Geetha
942 _2ddc
_cEN
_mJAI
999 _c77996
_d77996